000 00352nam a22001217a 4500
008 230613b xxu||||| |||| 00| 0 eng d
082 _a353.463
100 _cGovernment of Kenya
245 _aFourteenth Report of the Public Investments Committee on the Accounts of State Corporations
260 _aKenya
_bGOK
_c1996
300 _a461p
942 _2ddc
_cBK
999 _c1138
_d1138